<?xml version="1.0" encoding="UTF-8"?>
<record
    xmlns:xsi="http://www.w3.org/2001/XMLSchema-instance"
    xsi:schemaLocation="http://www.loc.gov/MARC21/slim http://www.loc.gov/standards/marcxml/schema/MARC21slim.xsd"
    xmlns="http://www.loc.gov/MARC21/slim">

  <leader>01051nam a2200217Ia 4500</leader>
  <controlfield tag="003">Ost</controlfield>
  <controlfield tag="005">20260507075258.0</controlfield>
  <controlfield tag="008">260507s9999||||xx |||||||||||||| ||und||</controlfield>
  <datafield tag="040" ind1=" " ind2=" ">
    <subfield code="c">fsecg</subfield>
  </datafield>
  <datafield tag="041" ind1=" " ind2=" ">
    <subfield code="a">ara</subfield>
  </datafield>
  <datafield tag="082" ind1=" " ind2=" ">
    <subfield code="a">330</subfield>
  </datafield>
  <datafield tag="100" ind1=" " ind2=" ">
    <subfield code="a">&#x646;&#x627;&#x634;&#x62F;&#x60C; &#x633;&#x648;&#x632;&#x64A; &#x639;&#x62F;&#x644;&#x64A;</subfield>
    <subfield code="e">&#x645;&#x624;&#x644;&#x641;</subfield>
  </datafield>
  <datafield tag="245" ind1=" " ind2="0">
    <subfield code="a">&#x627;&#x644;&#x627;&#x62A;&#x62C;&#x627;&#x631; &#x641;&#x64A; &#x627;&#x644;&#x628;&#x634;&#x631; &#x628;&#x64A;&#x646; &#x627;&#x644;&#x627;&#x642;&#x62A;&#x635;&#x627;&#x62F; &#x627;&#x644;&#x62E;&#x641;&#x64A; &#x648; &#x627;&#x644;&#x627;&#x642;&#x62A;&#x635;&#x627;&#x62F; &#x627;&#x644;&#x631;&#x633;&#x645;&#x64A; /</subfield>
    <subfield code="c"> &#x633;&#x648;&#x632;&#x64A; &#x639;&#x62F;&#x644;&#x64A; &#x646;&#x627;&#x634;&#x62F;</subfield>
  </datafield>
  <datafield tag="260" ind1=" " ind2=" ">
    <subfield code="a">&#x627;&#x644;&#x627;&#x633;&#x643;&#x646;&#x62F;&#x631;&#x64A;&#x629;: </subfield>
    <subfield code="b">&#x62F;&#x627;&#x631; &#x627;&#x644;&#x62C;&#x627;&#x645;&#x639;&#x629; &#x627;&#x644;&#x62C;&#x62F;&#x64A;&#x62F;&#x629;, </subfield>
    <subfield code="c">2005</subfield>
  </datafield>
  <datafield tag="300" ind1=" " ind2=" ">
    <subfield code="a">74  &#x635;&#x641;&#x62D;&#x629;&#x61B; </subfield>
    <subfield code="c">24 &#x633;&#x645;</subfield>
  </datafield>
  <datafield tag="520" ind1=" " ind2=" ">
    <subfield code="a">&#x627;&#x644;&#x645;&#x643;&#x62A;&#x628;&#x629; &#x627;&#x644;&#x642;&#x627;&#x646;&#x648;&#x646;&#x64A;&#x629; &#x627;&#x644;&#x645;&#x638;&#x627;&#x647;&#x631; &#x627;&#x644;&#x62E;&#x631;&#x62C;&#x64A;&#x629; &#x644;&#x644;&#x627;&#x62A;&#x62C;&#x627;&#x631; &#x628;&#x627;&#x644;&#x628;&#x634;&#x631; : &#x645;&#x641;&#x647;&#x648;&#x645; &#x627;&#x644;&#x627;&#x62A;&#x62C;&#x627;&#x631; &#x641;&#x64A; &#x627;&#x644;&#x628;&#x634;&#x631; &#x648; &#x627;&#x644;&#x627;&#x633;&#x62A;&#x63A;&#x644;&#x627;&#x644; &#x627;&#x644;&#x62C;&#x646;&#x633;&#x64A; &#x60C; &#x62A;&#x62C;&#x627;&#x631;&#x629; &#x627;&#x644;&#x627;&#x634;&#x62E;&#x627;&#x635; &#x648; &#x639;&#x645;&#x627;&#x644;&#x629; &#x627;&#x644;&#x627;&#x637;&#x641;&#x627;&#x644; &#x648; &#x62A;&#x62C;&#x627;&#x631;&#x629; &#x627;&#x644;&#x627;&#x639;&#x636;&#x627;&#x621; &#x60C; &#x627;&#x644;&#x627;&#x646;&#x639;&#x643;&#x627;&#x633;&#x627;&#x62A; &#x627;&#x644;&#x627;&#x642;&#x62A;&#x635;&#x627;&#x62F;&#x64A;&#x629; &#x644;&#x638;&#x627;&#x647;&#x631;&#x629; &#x627;&#x644;&#x627;&#x62A;&#x62C;&#x627;&#x631; &#x641;&#x64A; &#x627;&#x644;&#x628;&#x634;&#x631; .</subfield>
  </datafield>
  <datafield tag="653" ind1=" " ind2=" ">
    <subfield code="a">&#x627;&#x644;&#x627;&#x642;&#x62A;&#x635;&#x627;&#x62F; &#x627;&#x644;&#x62E;&#x641;&#x64A;</subfield>
  </datafield>
  <datafield tag="653" ind1=" " ind2=" ">
    <subfield code="a">&#x627;&#x644;&#x628;&#x63A;&#x627;&#x621;&#x640;&#x640; &#x62A;&#x62C;&#x627;&#x631;&#x629;</subfield>
  </datafield>
  <datafield tag="653" ind1=" " ind2=" ">
    <subfield code="a">&#x627;&#x644;&#x62A;&#x62C;&#x627;&#x631;&#x629;</subfield>
  </datafield>
  <datafield tag="942" ind1=" " ind2=" ">
    <subfield code="c">&#x643;&#x62A;&#x627;&#x628;</subfield>
  </datafield>
  <datafield tag="952" ind1=" " ind2=" ">
    <subfield code="0">0</subfield>
    <subfield code="1">0</subfield>
    <subfield code="2">ddc</subfield>
    <subfield code="4">0</subfield>
    <subfield code="7">-1</subfield>
    <subfield code="a">fsecg</subfield>
    <subfield code="b">fsecg</subfield>
    <subfield code="d">2026-05-07</subfield>
    <subfield code="h">&#x627;&#x644;&#x637;&#x627;&#x628;&#x642; &#x627;&#x644;&#x623;&#x631;&#x636;&#x64A;</subfield>
    <subfield code="i">2011/1194</subfield>
    <subfield code="l">0</subfield>
    <subfield code="o">&#x623;/3791&#x646;1</subfield>
    <subfield code="p">2011/1194</subfield>
    <subfield code="r">2026-05-07 07:52:58</subfield>
    <subfield code="w">2026-05-07</subfield>
    <subfield code="y">&#x643;&#x62A;&#x627;&#x628;</subfield>
  </datafield>
  <datafield tag="952" ind1=" " ind2=" ">
    <subfield code="0">0</subfield>
    <subfield code="1">0</subfield>
    <subfield code="2">ddc</subfield>
    <subfield code="4">0</subfield>
    <subfield code="7">0</subfield>
    <subfield code="a">fsecg</subfield>
    <subfield code="b">fsecg</subfield>
    <subfield code="d">2026-05-07</subfield>
    <subfield code="h">&#x627;&#x644;&#x637;&#x627;&#x628;&#x642; &#x627;&#x644;&#x623;&#x631;&#x636;&#x64A;</subfield>
    <subfield code="i">2011/1195</subfield>
    <subfield code="l">0</subfield>
    <subfield code="o">&#x623;/3791&#x646;2</subfield>
    <subfield code="p">2011/1195</subfield>
    <subfield code="r">2026-05-07 07:52:58</subfield>
    <subfield code="w">2026-05-07</subfield>
    <subfield code="y">&#x643;&#x62A;&#x627;&#x628;</subfield>
  </datafield>
  <datafield tag="952" ind1=" " ind2=" ">
    <subfield code="0">0</subfield>
    <subfield code="1">0</subfield>
    <subfield code="2">ddc</subfield>
    <subfield code="4">0</subfield>
    <subfield code="7">0</subfield>
    <subfield code="a">fsecg</subfield>
    <subfield code="b">fsecg</subfield>
    <subfield code="d">2026-05-07</subfield>
    <subfield code="h">&#x627;&#x644;&#x637;&#x627;&#x628;&#x642; &#x627;&#x644;&#x62B;&#x627;&#x646;&#x64A;</subfield>
    <subfield code="i">2011/1196</subfield>
    <subfield code="l">0</subfield>
    <subfield code="o">&#x623;/3791&#x646;3</subfield>
    <subfield code="p">2011/1196</subfield>
    <subfield code="r">2026-05-07 07:52:58</subfield>
    <subfield code="w">2026-05-07</subfield>
    <subfield code="y">&#x643;&#x62A;&#x627;&#x628;</subfield>
  </datafield>
  <datafield tag="999" ind1=" " ind2=" ">
    <subfield code="c">43769</subfield>
    <subfield code="d">43769</subfield>
  </datafield>
</record>
